000
00396nam a2200145Ia 4500
008
100204s9999 xx 000 0 und d
082
_b
24192
100
_a
गवस राजन
245
_a
तणकट
260
_b
"साकेत प्रकाशन , औरंगाबाद"
_c
1998
300
_a
239
630
_a
तणकट
730
_a
तणकट
942
_c
BOOK
999
_c
469373
_d
469370